[Event "British Rapidplay"]
[Site "Peterborough"]
[Date "2024.03.03"]
[Round "7"]
[White "Lishoy Gengis Paratazham, Dildarav"]
[Black "Milewska, Agnieszka"]
[Result "1-0"]
[WhiteElo "1924"]
[BlackElo "1769"]
[PlyCount "109"]
[EventDate "2024.03.02"]
[EventType "swiss (rapid)"]
[EventRounds "11"]
[EventCountry "ENG"]
[SourceTitle "CB10_2024"]
[SourceDate "2024.03.06"]
[SourceVersion "1"]
[SourceVersionDate "2024.03.06"]
[SourceQuality "1"]

1. e4 e5 2. Nf3 Nc6 3. Bc4 Bc5 4. d3 Nf6 5. c3 0-0 6. 0-0 h6 7. Nbd2 d5 8. exd5 Nxd5 9. h3 Nf4 10. Ne4 Bb6 11. Bxf4 exf4 12. Qd2 Na5 13. Qxf4 Nxc4 14. dxc4 f5 15. Ng3 c6 16. Rad1 Qe7 17. Rfe1 Qf7 18. Ne5 Bc7 19. Qd4 Bxe5 20. Rxe5 Be6 21. Qf4 Bxc4 22. Rxf5 Qe6 23. b3 Rxf5 24. Qxf5 Qxf5 25. Nxf5 Be6 26. Ne3 Kf7 27. f4 g6 28. Kf2 a5 29. c4 a4 30. Rd2 axb3 31. axb3 Ra3 32. Rb2 c5 33. b4 cxb4 34. Rxb4 Ra2+ 35. Kf3 Bc8 36. Rb6 Ra6 37. Rb5 Rc6 38. g4 b6 39. Rb4 Bb7 40. Kg3 Rd6 41. Rb3 Ke6 42. c5 Rc6 43. Rxb6 Rxb6 44. cxb6 Kd7 45. Nc4 Kc6 46. Na5+ Kxb6 47. Nxb7 Kxb7 48. f5 gxf5 49. gxf5 Kc6 50. Kg4 Kd6 51. Kh5 Ke7 52. Kg6 Kf8 53. Kf6 h5 54. h4 Kg8 55. Ke7 1-0

[Event "ENG-ch Chessable (Women)"]
[Site "Kenilworth"]
[Date "2023.05.27"]
[Round "4"]
[White "Walker, Kate"]
[Black "Milewska, Agnieszka"]
[Result "1-0"]
[WhiteElo "1541"]
[BlackElo "1643"]
[PlyCount "109"]
[EventDate "2023.05.26"]
[EventType "swiss"]
[EventRounds "7"]
[EventCountry "ENG"]
[SourceTitle "CBM 214 Extra"]
[Source "ChessBase"]
[SourceDate "2023.07.31"]
[SourceVersion "1"]
[SourceVersionDate "2023.07.31"]
[SourceQuality "1"]

1. d4 c6 2. c4 d5 3. cxd5 cxd5 4. Nc3 Nf6 5. Bf4 Nc6 6. Nf3 Bg4 7. e3 e6 8. Be2 Bd6 9. Bg3 0-0 10. 0-0 Bxg3 11. hxg3 a6 12. Rc1 Rc8 13. a3 Qd6 14. Nd2 Bf5 15. f4 h6 16. g4 Bh7 17. Qe1 b5 18. b4 Ne7 19. Nb3 Ne4 20. Nc5 Nxc3 21. Rxc3 Be4 22. Qh4 Bg6 23. Kf2 f5 24. g5 hxg5 25. Qxg5 Kf7 26. Rfc1 Rb8 27. Nd3 Kg8 28. Ne5 Rf6 29. Rc7 Rd8 30. Ra7 Nc8 31. Rxc8 Rxc8 32. Nxg6 Re8 33. Qh5 Rxg6 34. Qxg6 Qf8 35. Bh5 Rc8 36. Qxe6+ Kh8 37. Qxd5 Qf6 38. g3 Rc2+ 39. Kf3 Kh7 40. Ra8 g6 41. Qg8+ Kh6 42. Qxg6+ Qxg6 43. Bxg6 Kxg6 44. Rxa6+ Kf7 45. Ra5 Ra2 46. Rxb5 Ke6 47. Ra5 Ra1 48. b5 Rf1+ 49. Ke2 Rg1 50. Kf2 Rb1 51. a4 Kd5 52. Ra6 Ke4 53. Re6+ Kd3 54. Re5 Ra1 55. Rxf5 1-0

[Event "ENG-ch Chessable (Women)"]
[Site "Kenilworth"]
[Date "2022.05.19"]
[Round "2"]
[White "Pert, Nina P"]
[Black "Milewska, Agnieszka"]
[Result "1-0"]
[WhiteElo "1620"]
[BlackElo "1677"]
[PlyCount "51"]
[EventDate "2022.05.19"]
[EventType "swiss"]
[EventRounds "7"]
[EventCountry "ENG"]
[SourceTitle "CBM 208 Extra"]
[Source "ChessBase"]
[SourceDate "2022.07.31"]
[SourceVersion "1"]
[SourceVersionDate "2022.07.31"]
[SourceQuality "1"]

1. e4 e5 2. Nf3 Nc6 3. Bc4 Nd4 4. Nxd4 exd4 5. d3 Bb4+ 6. c3 dxc3 7. bxc3 Bc5 8. Bxf7+ Kxf7 9. Qh5+ g6 10. Qxc5 Nf6 11. Bg5 d6 12. Qe3 Re8 13. 0-0 b6 14. f4 Qd7 15. f5 gxf5 16. Bxf6 Kxf6 17. Qh6+ Ke7 18. Qg5+ Kf7 19. Rxf5+ Qxf5 20. exf5 Bb7 21. Nd2 Rg8 22. Qh5+ Kf6 23. Qh6+ Kf7 24. Qe6+ Kg7 25. Ne4 Rae8 26. Qf6# 1-0

[Event "ECF Charity Marathon UKR"]
[Site "Chess.com INT"]
[Date "2022.04.02"]
[Round "?"]
[White "Milewska, Agnieszka"]
[Black "Royle, Alex"]
[Result "0-1"]
[WhiteElo "1677"]
[BlackElo "1451"]
[PlyCount "54"]
[EventDate "2022.04.02"]
[EventType "swiss (blitz)"]
[EventRounds "74"]
[EventCountry "USA"]
[SourceTitle "CBM 207 Extra"]
[Source "ChessBase"]
[SourceDate "2022.05.31"]
[SourceVersion "1"]
[SourceVersionDate "2022.05.31"]
[SourceQuality "1"]

1. d4 Nf6 2. Nf3 e6 3. c4 b6 4. Nc3 Bb4 5. Bd2 Bb7 6. e3 0-0 7. a3 Bxc3 8. Bxc3 Ne4 9. Be2 Nxc3 10. bxc3 c5 11. 0-0 d6 12. Rb1 Nc6 13. Qc2 Na5 14. Rfd1 Qc7 15. d5 e5 16. e4 Ba6 17. Qa4 Rad8 18. Nd2 f5 19. exf5 Rxf5 20. g3 Rdf8 21. Rf1 Qf7 22. Ne4 Qe7 23. Bg4 Rf3 24. Bxf3 Rxf3 25. Nd2 Rxc3 26. Nb3 Rxc4 27. Qxc4 Nxc4 0-1

[Event "ECF Charity Marathon UKR"]
[Site "Chess.com INT"]
[Date "2022.04.02"]
[Round "?"]
[White "Mortazavi, Ali"]
[Black "Milewska, Agnieszka"]
[Result "1-0"]
[WhiteElo "2333"]
[BlackElo "1677"]
[PlyCount "51"]
[EventDate "2022.04.02"]
[EventType "swiss (blitz)"]
[EventRounds "74"]
[EventCountry "USA"]
[SourceTitle "CBM 207 Extra"]
[Source "ChessBase"]
[SourceDate "2022.05.31"]
[SourceVersion "1"]
[SourceVersionDate "2022.05.31"]
[SourceQuality "1"]

1. Nf3 d5 2. c4 dxc4 3. e3 Nf6 4. Bxc4 Nc6 5. a3 e5 6. b4 Bg4 7. Qb3 Qd7 8. Bb2 Bd6 9. Ng5 0-0 10. h3 Bh5 11. g4 Bg6 12. Nc3 h6 13. Ne6 Rfe8 14. g5 Ne4 15. gxh6 fxe6 16. Rg1 Nxd2 17. Kxd2 Qf7 18. Rg2 gxh6 19. Rag1 Kh7 20. Rxg6 Qxg6 21. Bd3 Qxd3+ 22. Kxd3 Rad8 23. Ke2 Rd7 24. Qc2+ Kh8 25. Qg6 Rh7 26. Qxe8+ 1-0

[Event "Amazons Pride Blitz"]
[Site "Chess.com INT"]
[Date "2021.10.23"]
[Round "2"]
[White "Milewska, Agnieszka"]
[Black "Zhou, Qiyu"]
[Result "0-1"]
[WhiteElo "1677"]
[BlackElo "2218"]
[PlyCount "180"]
[EventDate "2021.10.23"]
[EventType "swiss (blitz)"]
[EventRounds "9"]
[EventCountry "USA"]
[SourceTitle "CBM 204 Extra"]
[Source "ChessBase"]
[SourceDate "2021.11.30"]
[SourceVersion "1"]
[SourceVersionDate "2021.11.30"]
[SourceQuality "1"]

1. d4 Nf6 2. Nf3 d5 3. Bg5 e6 4. e3 Be7 5. Bxf6 Bxf6 6. c4 0-0 7. Nc3 b6 8. cxd5 exd5 9. Be2 Bb7 10. 0-0 Nd7 11. Rc1 Rc8 12. a3 Re8 13. Bb5 a6 14. Ba4 Qe7 15. Bb3 c6 16. h3 Nf8 17. Re1 Ne6 18. e4 dxe4 19. Nxe4 Rcd8 20. Bxe6 fxe6 21. Nxf6+ Qxf6 22. Ne5 c5 23. Ng4 Qg6 24. Qc2 Qxc2 25. Rxc2 cxd4 26. Rc7 Bd5 27. Rd1 e5 28. Ra7 a5 29. Rc1 d3 30. Ne3 Bb3 31. Rcc7 d2 32. Rxg7+ Kf8 33. Rxh7 Rc8 34. Rh8+ Bg8 35. Rd7 Red8 36. Rxd8+ Rxd8 37. Nd1 Kg7 38. Rh4 Bb3 39. Rg4+ Kf6 40. Nc3 d1Q+ 41. Nxd1 Rxd1+ 42. Kh2 Rd2 43. Rg3 Rxb2 44. Rf3+ Ke6 45. h4 Bd5 46. Rf8 Ke7 47. Rf5 Ke6 48. Rf8 Rb3 49. a4 Rb4 50. h5 Rh4+ 51. Kg3 Rxh5 52. Re8+ Kd6 53. Rd8+ Kc5 54. Rc8+ Kb4 55. Re8 Kxa4 56. Kg4 Bf7 57. Re7 Rh7 58. Rxe5 b5 59. Re4+ Bc4 60. Kg5 Rg7+ 61. Kf6 Rxg2 62. f4 Rf2 63. f5 Kb4 64. Kg5 a4 65. f6 a3 66. Rf4 Rg2+ 67. Kh6 a2 68. f7 a1Q 69. f8Q+ Kb3 70. Rf3+ Kc2 71. Qf5+ Kb2 72. Rf2+ Rxf2 73. Qxf2+ Kb3 74. Qe3+ Qc3 75. Qxc3+ Kxc3 76. Kg5 b4 77. Kf4 b3 78. Ke3 b2 79. Kf4 b1Q 80. Ke5 Qe1+ 81. Kd6 Qe3 82. Kc6 Bf1 83. Kd6 Kd4 84. Kd7 Qe5 85. Kc6 Qd5+ 86. Kb6 Qc5+ 87. Kb7 Kd5 88. Kb8 Qe7 89. Ka8 Kc6 90. Kb8 Qb7# 0-1

[Event "Amazons Pride Blitz"]
[Site "Chess.com INT"]
[Date "2021.10.23"]
[Round "6"]
[White "Vargas, Gabriela"]
[Black "Milewska, Agnieszka"]
[Result "0-1"]
[WhiteElo "2152"]
[BlackElo "1677"]
[PlyCount "68"]
[EventDate "2021.10.23"]
[EventType "swiss (blitz)"]
[EventRounds "9"]
[EventCountry "USA"]
[SourceTitle "CBM 204 Extra"]
[Source "ChessBase"]
[SourceDate "2021.11.30"]
[SourceVersion "1"]
[SourceVersionDate "2021.11.30"]
[SourceQuality "1"]

1. d4 d5 2. Nf3 Nf6 3. Bg5 e6 4. Nbd2 c5 5. c3 Nc6 6. e3 Be7 7. Bd3 cxd4 8. exd4 0-0 9. 0-0 h6 10. Bh4 b6 11. Ne5 Nxe5 12. dxe5 Nd7 13. Bxe7 Qxe7 14. f4 Bb7 15. Nf3 Nc5 16. Nd4 a5 17. Rf3 Nxd3 18. Qxd3 a4 19. a3 Ba6 20. Qe3 Bc4 21. Rg3 f5 22. exf6 Rxf6 23. Re1 Re8 24. Qe5 Qf7 25. Rf3 b5 26. f5 Qa7 27. Kh1 Ref8 28. fxe6 Rxf3 29. Nxf3 Qe7 30. Nd4 Rf6 31. h3 Rf1+ 32. Rxf1 Bxf1 33. Nf5 Qg5 34. Ng3 Qxe5 0-1

[Event "GBR-ch blitz (Women)"]
[Site "Birmingham"]
[Date "2019.11.16"]
[Round "5"]
[White "Milewska, Agnieszka"]
[Black "Head, Louise"]
[Result "0-1"]
[WhiteElo "1677"]
[BlackElo "1844"]
[PlyCount "108"]
[EventDate "2019.11.16"]
[EventType "tourn (blitz)"]
[EventRounds "15"]
[EventCountry "ENG"]
[SourceTitle "CBM 193 Extra"]
[Source "ChessBase"]
[SourceDate "2020.01.31"]
[SourceVersion "1"]
[SourceVersionDate "2020.01.31"]
[SourceQuality "1"]

1. d4 d5 2. c4 dxc4 3. e4 Nf6 4. e5 Nd5 5. Bxc4 Nb6 6. Bb3 Nc6 7. Nf3 Bf5 8. Be3 e6 9. Nc3 Nb4 10. 0-0 N4d5 11. Bg5 Qd7 12. Nxd5 Nxd5 13. Bxd5 Qxd5 14. Qa4+ c6 15. Rac1 h6 16. Bh4 g5 17. Bg3 Be7 18. h3 0-0 19. Rfd1 Rfd8 20. Rc3 a6 21. Qb3 Qxb3 22. Rxb3 Bc2 23. Rbd3 Bxd1 24. Rxd1 c5 25. Rd2 cxd4 26. Rxd4 Rxd4 27. Nxd4 Rd8 28. Nf3 Rd1+ 29. Kh2 Rb1 30. Nd2 Rxb2 31. Ne4 Rxa2 32. Nd6 Bxd6 33. exd6 Rd2 34. Be5 f6 35. Bxf6 Rxd6 36. Kg3 Kf7 37. Be5 Rd5 38. Bb8 Rd4 39. Kf3 Rc4 40. Ke3 b5 41. Kd3 a5 42. Be5 a4 43. f3 a3 44. Kd2 a2 45. g3 b4 46. Kd3 Rc8 47. Kd2 b3 48. f4 Rc2+ 49. Kd1 Rg2 50. fxg5 hxg5 51. h4 gxh4 52. gxh4 b2 53. Bxb2 Rxb2 54. Kc1 a1Q# 0-1

[Event "UK-ch blitz (Women) op"]
[Site "Solihull"]
[Date "2018.12.01"]
[Round "7"]
[White "Longson, Sarah N"]
[Black "Milewska, Agnieszka"]
[Result "1-0"]
[WhiteElo "2025"]
[BlackElo "1781"]
[PlyCount "135"]
[EventDate "2018.12.01"]
[EventType "tourn (blitz)"]
[EventRounds "15"]
[EventCountry "ENG"]
[SourceTitle "EXT 2020"]
[Source "ChessBase"]
[SourceDate "2019.10.17"]
[SourceVersion "1"]
[SourceVersionDate "2019.10.17"]
[SourceQuality "1"]

1. e4 e5 2. Nf3 Nc6 3. Bc4 h6 4. d3 Bc5 5. c3 Nf6 6. Nbd2 0-0 7. 0-0 d6 8. a4 a6 9. h3 Be6 10. Re1 Bxc4 11. Nxc4 b5 12. Ne3 Bxe3 13. Bxe3 Qd7 14. Qd2 Kh7 15. Rf1 bxa4 16. Rxa4 Nd4 17. cxd4 Qxa4 18. dxe5 dxe5 19. Nxe5 Nxe4 20. dxe4 Qxe4 21. Nf3 Rfd8 22. Qc3 c6 23. Bd4 f6 24. Re1 Qf5 25. Nh4 Qg5 26. Nf3 Qd5 27. Qc2+ Kg8 28. Bc3 Qd3 29. Qb3+ Kh8 30. Qf7 Rf8 31. Qb7 Qb5 32. Qc7 Rac8 33. Qd7 Rcd8 34. Qg4 Qc5 35. Nh4 Qg5 36. Ng6+ Kg8 37. Qxg5 hxg5 38. Nxf8 Kxf8 39. Ra1 Ra8 40. Ra5 Ke7 41. Kf1 Kd6 42. Ke2 c5 43. Kd3 Kc6 44. Kc4 Kb6 45. Rxc5 Re8 46. Ba5+ Kb7 47. Rc7+ Kb8 48. Rxg7 Re4+ 49. Kd3 Re6 50. Bc3 Rd6+ 51. Kc2 Re6 52. Rf7 Re2+ 53. Kb3 Rxf2 54. Bxf6 Rxg2 55. Be5+ Kc8 56. Rg7 a5 57. Ka4 Re2 58. Bc3 Re4+ 59. Kxa5 Rh4 60. Rxg5 Rxh3 61. Rg7 Rh5+ 62. Ka4 Rh4+ 63. b4 Rh3 64. Bd4 Rh1 65. Kb5 Rb1 66. Bc5 Kd8 67. Kc6 Rc1 68. Rg8# 1-0

[Event "GBR-ch U1900 op 105th"]
[Site "Hull"]
[Date "2018.08.01"]
[Round "3"]
[White "Milewska, Agnieszka"]
[Black "Pride, Stephen C"]
[Result "0-1"]
[WhiteElo "1778"]
[BlackElo "1554"]
[PlyCount "92"]
[EventDate "2018.07.30"]
[EventType "swiss"]
[EventRounds "5"]
[EventCountry "ENG"]
[SourceTitle "EXT 2021"]
[Source "ChessBase"]
[SourceDate "2020.10.23"]
[SourceVersion "1"]
[SourceVersionDate "2020.10.23"]
[SourceQuality "1"]

1. d4 e6 2. c4 Bb4+ 3. Nc3 f5 4. Nf3 Nf6 5. a3 Bxc3+ 6. bxc3 0-0 7. Bb2 b6 8. e3 Bb7 9. Be2 Nc6 10. 0-0 Ne7 11. Qb3 Rb8 12. Rad1 Qe8 13. a4 Kh8 14. Ba3 d6 15. Ng5 Qg6 16. f4 Ne4 17. Nxe4 Bxe4 18. Bf3 Bxf3 19. Rxf3 Ng8 20. Rg3 Qf7 21. d5 Nf6 22. h3 Ne4 23. Rf3 Rg8 24. c5 bxc5 25. dxe6 Rxb3 26. exf7 Rf8 27. Bc1 Nxc3 28. Rd2 Rb1 29. Rf1 Rxf7 30. g4 Kg8 31. a5 Ra1 32. Rb2 fxg4 33. hxg4 Ne4 34. Rb8+ Rf8 35. Rb7 Rxa5 36. Rxc7 h6 37. Bb2 Rf7 38. Rc8+ Kh7 39. Re8 Rb7 40. Bxg7 Rxg7 41. Rxe4 Rxg4+ 42. Kf2 Ra2+ 43. Kf3 Rag2 44. Ra4 d5 45. Rxa7+ Rg7 46. Ra4 R7g3# 0-1